Official Names of the States - Statistics

General Stats
  • This quiz has been taken 17 times
  • The average score is 6 of 6
Answer Stats
Initial Answer % Correct
KY Commonwealth of Kentucky
100%
MA Commonwealth of Massachusetts
100%
PA Commonwealth of Pennsylvania
100%
VA Commonwealth of Virginia
100%
WA State of Washington
90%
RI State of Rhode Island and Providence Plantations
60%
No matching quizzes found
Score Distribution
Percent of People with Each Score
Percentile by Number Answered
Your Score History
You have not taken this quiz